000 00549nam a2200169 a 4500
001 000032927
005 20200930065922.0
008 110801s1933 dr 000 0 spa d
040 _aDO-SdBNP
_bspa
_cBNPHU
082 _axxxx
_bG643c
100 1 _aGonzález Pazos, Ramón
_958679
245 1 0 _aContract bridge :
_b(psychic-proof contract) /
_cRamón González Pazos.
260 _aSanto Domingo :
_bImprenta de J. R. Viuda García, Sucesores.,
_c1933.
300 _a60 p. ;
_c15 cm.
500 _aIncluye notas al pie de las páginas
049 _aBNPD
999 _c32418
_d32418